000 00680nam1a22002051i 4500
001 rc\1189363
005 20240724000903.0
035 _a(NLR Aleph) 005974135
090 _a6962133
_c6962133
100 _a20070321d1981 u |0rusy50 ca
101 0 _arus
102 _aRU
105 _ay |||||||||
200 1 _aБиологические ресурсы внутренних водоемов Карелии
_eУказ. лит.
_fАН СССР, Карел. фил., Науч. б-ка
210 _aПетрозаводск
_cКарел. фил. АН СССР
_d1981
215 _d19
801 0 _aRU
_bNLR
_gpsbo
801 1 _aRU
_bELAR
_2rusmarc
852 _aNLR
_bС
_jК-1/1154
942 _cBOOK